| 000 | 00707nam a2200253 a 4500 | ||
|---|---|---|---|
| 999 |
_c819 _d819 |
||
| 008 | 191101r20072012ii a|||g |||| 001 0 eng d | ||
| 020 |
_a9788185749549 _cRs. 170.00 |
||
| 040 |
_aKO _beng |
||
| 041 | 0 | _aeng | |
| 044 | _aii | ||
| 082 | 0 | 4 |
_223 _a620.1 _bUp12 |
| 100 | 1 | _aUpadhyay, A. K. | |
| 245 | 1 | 0 |
_aApplied Mechanics / _cA. K. Upadhyay |
| 250 | _a4th rev. ed. | ||
| 260 |
_aNew Delhi : _bS. K. Kataria & Sons, _c2007, reprinted 2012 |
||
| 300 |
_a416 p. : _bill. ; _c23 cm. |
||
| 504 | _aIncludes index. | ||
| 650 | 0 |
_aMechanics, Applied _vTextbooks |
|
| 650 | 0 |
_aDynamics _xMotion _vTextbooks |
|
| 650 | 0 |
_aMechanics _xMoments of inertia _vTextbooks |
|
| 904 | _aS_JOY | ||
| 942 | _cBK | ||